| 000 | 01968nam a2200409 a 4500 | ||
|---|---|---|---|
| 001 | ebr10535574 | ||
| 003 | CaPaEBR | ||
| 006 | m u | ||
| 007 | cr cn||||||||| | ||
| 008 | 110325s2011 nju sb 001 0 eng d | ||
| 010 | _z 2011012789 | ||
| 020 | _z9780813551838 (hbk. alk. paper) | ||
| 020 | _z9780813551845 (pbk. alk. paper) | ||
| 040 |
_aCaPaEBR _cCaPaEBR |
||
| 035 | _a(OCoLC)785785242 | ||
| 050 | 1 | 4 |
_aHF5438.25 _b.M846 2011eb |
| 082 | 0 | 4 |
_a381/.14 _222 |
| 100 | 1 | _aMullaney, Jamie L. | |
| 245 | 1 | 0 |
_aPaid to party _h[electronic resource] : _bworking time and emotion in direct home sales / _cJamie L. Mullaney and Janet Hinson Shope. |
| 260 |
_aNew Brunswick, N.J. : _bRutgers University Press, _cc2011. |
||
| 300 | _ax, 193 p. | ||
| 490 | 1 | _aFamilies in focus | |
| 504 | _aIncludes bibliographical references and index. | ||
| 505 | 0 | _aCreating a feel-good business: negotiating the work-family pieces -- From temporal acrobats to architects: flexibility gets a much needed makeover -- Out with the old, in with the new: changing how women feel about work -- The girls' night out: social time and obligation -- Let the games begin: the importance of playing along -- Just not buying it: fielding resistance to DHS. | |
| 533 |
_aElectronic reproduction. _bPalo Alto, Calif. : _cebrary, _d2013. _nAvailable via World Wide Web. _nAccess may be limited to ebrary affiliated libraries. |
||
| 650 | 0 |
_aHome parties (Marketing) _xSocial aspects. |
|
| 650 | 0 |
_aDirect selling _xSocial aspects. |
|
| 650 | 0 | _aWomen sales personnel. | |
| 650 | 0 |
_aWomen _xEmployment _xSocial aspects. |
|
| 650 | 0 | _aFlexible work arrangements. | |
| 650 | 0 | _aWork and family. | |
| 655 | 7 |
_aElectronic books. _2local |
|
| 700 | 1 |
_aShope, Janet Hinson, _d1961- |
|
| 710 | 2 | _aebrary, Inc. | |
| 830 | 0 | _aFamilies in focus. | |
| 856 | 4 | 0 |
_uhttp://site.ebrary.com/lib/rucke/Doc?id=10535574 _zAn electronic book accessible through the World Wide Web; click to view |
| 999 |
_c133376 _d133376 |
||